00918nam a2200217 a 4500001001000000003000500010005001700015008004100032010001100073011001100084040000900095100004000104245016900144260004100313500006000354502010900414650002500523650004400548650003800592856007000630000112519CHAP20220329144310.0160608s2016 mx a fsm |||||||spa d a108980 a109952 cCHAP1 aMárquez Pérez, Francisco Javier10aAnálisis espacial y temporal del huanglongbing de los cítricos (HLB) en el municipio de Xalisco, Nayarit/h[En línea]cpor Francisco Javier Márquez Pérez. aChapingo, Méx. :bEl autor,c2016. aPara ver el contenido del material haga clic en la liga aTesis (Ing. Agr. Esp. en Parasitología Agrícola) -- UACH. Departamento de Parasitología Agrícola14aAnálisis espacial.14aCítricosxEnfermedades por bacterias.14aManejo integrado de enfermedades. aFinding aiduhttp://10.13.5.2/tesis/sist112519.pdfzTeclea aquí